000
00170nam a2200073Ia 4500
008
170524s9999 xx 000 0 und d
100
_a
BAXI CV
245
0
_a
CORPORATE GOVERNANCE
260
_b
DELHI : EXCEL
999
_c
8405
_d
8405